Ultrasound in emergency care (Record no. 152272)
[ view plain ]
| 000 -LEADER | |
|---|---|
| fixed length control field | 02368nam a22003374a 4500 |
| 082 04 - DEWEY DECIMAL CLASSIFICATION NUMBER | |
| Classification number | 616.07/543 |
| 245 00 - TITLE STATEMENT | |
| Title | Ultrasound in emergency care |
| 260 ## - PUBLICATION, DISTRIBUTION, ETC. (IMPRINT) | |
| Place of publication | Malden, Mass. : |
| Name of publisher | BMJ Books, Blackwell Pub., |
| Year of publication | c2004. |
| 300 ## - PHYSICAL DESCRIPTION | |
| Number of Pages | viii, 154 p. : |
| Other physical details | ill. |
| 505 0# - FORMATTED CONTENTS NOTE | |
| Formatted contents note | History of ultrasound in emergencies / Ben Davies, Adam Brooks -- The physics of ultrasound / Jim Connolly -- Image acquisition and artefacts / Otto Chan -- Focussed assessment with sonography for trauma (FAST) / Adam Brooks, M. Gage Oschner -- Ultrasound of the chest / Douglas R Hamilton, Ashot Sargysan, Scott A. Dulchavsky -- Ultrasound assessment of the abdominal aorta / Simon England -- Abdominal emergencies / Ali Naraghi, Otto Chan -- Bedside ultrasound as an adjunct in the evaluation of critically ill patients / Anthony J. Dean -- Obstetric and gynaecological emergencies / Andrew Loughney, Stephen Stirgess -- Soft tissue ultrasound / Robert Cooper, Dominic Barron -- Ultrasound for bony trauma / Adam Brooks, James L. Williams -- Ultrasound for venous access / Richard G. McWilliams, Christopher Boyd -- Procedural applications of emergency bedside ultrasound / Anthony J. Dean, Daniel K. Vining -- Ultrasound in austere and mass casualty settings / Leonard J. King -- Training in emergency ultrasound / Susie Hewitt, Michael R. Marohn, David Wherry. |
| 650 #0 - SUBJECT ADDED ENTRY--TOPICAL TERM | |
| Topical Term | Medical emergencies |
| Topical Term | Emergency medicine |
| 700 1# - ADDED ENTRY--PERSONAL NAME | |
| Personal name | Brooks, Adam, |
| Personal name | Connolly, Jim, |
| Personal name | Chan, Otto. |
| 856 40 - ELECTRONIC LOCATION AND ACCESS | |
| Uniform Resource Identifier | http://site.ebrary.com/lib/rucke/Doc?id=10233164 |
No items available.
